Athlétisme : Champions de France du 400 m, Piste - Statistiques

Statistiques générales
  • Ce quiz a été pris 6 fois
  • Le résultat moyen est 10 sur 134
Statistiques - réponses
Année Vainqueur % Correct
1992 | 1993 | 1994 | +3 others Stéphane Diagana
83%
2021 Gilles Biron
33%
2002 | 2003 | 2004 | 2005 Marc Raquil
33%
2024 | 2025 Muhammad Abdallah Kounta
33%
2023 Téo Andant
33%
1983 | 1985 Aldo Canti
17%
2006 | 2007 | 2008 | +2 others Leslie Djhone
17%
2020 Ludvy Vaillant
17%
2013 | 2014 Mame-Ibra Anne
17%
2015 | 2017 Teddy Atine-Venel
17%
2016 | 2022 Thomas Jordier
17%
2011 | 2012 Yannick Fonsat
17%
1914 André Devaux
0%
1910 André Glarner
0%
1945 André Sigonney
0%
1958 Bernard Dibonda
0%
1947 Bernard Santona
0%
1912 Charles Lelong
0%
1913 Charles Poulenard
0%
1942 Christian Dolleans
0%
1967 Christian Nicolau
0%
2018 | 2019 Christopher Naliali
0%
1976 Daniel Vélasques
0%
1980 Didier Dubois
0%
1906 Émile Lesieur
0%
1973 | 1974 | 1977 | +2 others Francis Demarthon
0%
1926 Francis Galtier
0%
1972 | 1975 Francis Kerbiriou
0%
1919 | 1920 | 1921 | +3 others Gaston Féry
0%
1905 Géo Malfait
0%
1895 Georges Garnier
0%
1899 Georges Houdet
0%
1962 Germain Nelzy
0%
1896 Henri Tauzin
0%
2000 Ibrahima Wade
0%
1951 | 1954 | 1957 Jacques Degats
0%
1946 | 1948 | 1949 | 1950 Jacques Lunis
0%
1959 | 1961 Jean Bertozzi
0%
1901 Jean Chastanié
0%
1968 | 1969 | 1970 | 1971 Jean-Claude Nallet
0%
1943 Jean Esprangle
0%
1894 Jean-Guy Gautier
0%
1996 Jean-Louis Rapnouil
0%
1963 | 1964 | 1966 Jean-Pierre Boccardo
0%
1955 Jean-Pierre Goudeau
0%
1938 Joseph Bertolino
0%
1918 Louis Téneveau
0%
1903 | 1904 | 1907 Marc Bellin du Côteau
0%
1929 | 1932 Marcel Moulines
0%
1931 Marcel Reliat
0%
1998 | 1999 Marc Foucan
0%
1965 Michel Samper
0%
1989 | 1990 | 1991 Olivier Noirot
0%
1917 Omer Smet
0%
1982 Pascal Barré
0%
1988 Patrick Barré
0%
1892 | 1893 Paul Blanchet
0%
1981 Paul Bourdin
0%
1908 | 1909 | 1911 Pierre Failliot
0%
1956 | 1960 Pierre Haarhoff
0%
1933 | 1936 | 1937 Pierre Skawinski
0%
1941 Prudent Joye
0%
1902 Raoul Matet
0%
1934 | 1935 Raymond Boisset
0%
1925 Raymond Jamois
0%
1939 Raymond Marcillac
0%
1888 | 1889 René Cavally
0%
1927 | 1928 | 1930 René Féger
0%
1953 René Galland
0%
1897 | 1898 René Widmer
0%
1890 | 1891 Ricardo de Zevallos
0%
1900 Victor Faidide
0%
1984 | 1986 | 1987 Yann Quentrec
0%
1952 Yves Camus
0%
Aucun quiz correspondant
Distribution des résultats
% des personnes avec chaque résultat
Percentile par nombre de réponses
Votre historique - résultats
Vous n’avez pas pris ce quiz